Do You Know The Who?: Sudden Death - Statistics

General Stats
  • This quiz has been taken 113 times
  • The average score is 8 of 13
Answers on the Grid
Answers color-coded by a green-red scale on the quiz's grid according to % correct below.
Kashmir
I Can See for Miles
The Sound of Silence
My Generation
Stairway to Heaven
Should I Stay or Should I Go?
Going up the Country
Boris the Spider
Who Are You?
No Sugar Tonight
Won't Get Fooled Again
I Can't Explain
Stayin' Alive
Baba O'Riley
London Calling
Love, Reign o'er Me
Pinball Wizard
American Woman
Back in the USSR
Heard it in a Love Song
Behind Blue Eyes
The Kids are Alright
Can't You See?
Substitute
Magic Bus
 
Answer Stats
Answer % Correct
Pinball Wizard
79%
My Generation
78%
Baba O'Riley
77%
Who Are You?
73%
Behind Blue Eyes
70%
Won't Get Fooled Again
66%
I Can See for Miles
62%
The Kids are Alright
60%
Substitute
57%
I Can't Explain
56%
Magic Bus
55%
Love, Reign o'er Me
52%
Boris the Spider
48%
No matching quizzes found
Score Distribution
Percent of People with Each Score
Percentile by Number Answered
Your Score History
You have not taken this quiz